000 01357nam a2200289 i 4500
003 DO-SdBNP
005 20260526154212.0
007 ta
008 260526e2025 dr ||||gr|||||||| ||spa d
020 _a9789945292480
040 _aDO-SdBNP
_bspa
_cBNPHU
_erda
041 _aspa
082 _bH557a 2025
_222
100 _aHernández Fortuna, Arsenio,
_d1948-
_911646
_eautor
245 _aAnálisis del discurso de oposición ante la conformación de la Junta Central Electoral 2016, 2020 y 2024 /
_cArsenio Hernández Fortuna. diseño & diagramación: Aníbal Hernández Medina.
264 _aSanto Domingo, República Dominicana :
_bJunta Central Electoral,
_c2025.
300 _a393 páginas ;
_c21.5 x 14 cm.
336 _atexto
_btxt
_2rdacontent
337 _asin mediación
_bn
_2rdamedia
338 _avolumen
_bnc
_2rdacarrier
500 _aIncluye tabla de índice.
520 _aLa obra «ANÁLISIS DEL DISCURSO DE OPOSICIÓN ante la conformación de la Junta Central Electoral» sintetiza tres períodos electorales en República Dominicana (2016, 2020 y 2024) ricos en datos y experiencias que se analizan desde la retórica y la perspectiva histórica.
590 _aInventariado, 2026/WG.
650 0 _aPartidos políticos
_93367
_zRepública Dominicana
700 _a Hernández Medina, Anibal
_980629
_ediseñador
942 _2ddc
_cLBS1
999 _c60827
_d60827